| 000 | 00740nam a2200217 i 4500 | ||
|---|---|---|---|
| 001 | 81882 | ||
| 003 | ES-MaACL | ||
| 005 | 20230906174530.0 | ||
| 007 | t| | ||
| 008 | 041108s1906 sp |||| | spa d | ||
| 080 | _a615.383(234.1 Guadarrama) | ||
| 080 | _a615.838 | ||
| 100 | 1 |
_aIglesias y Carral, Manuel. _965141 |
|
| 245 | 1 | 0 |
_aEstudio de las aguas minero medicinales de la Alameda de Guadarrama / _cpor Manuel Iglesias y Carral. |
| 260 |
_aMadrid : _b[s.n.], _c1906 ( _fLit. de Joaquín Conejo) |
||
| 300 |
_a61 p. ; _c19 cm. |
||
| 650 | 4 |
_aAguas minerales- _zMadrid (Comunidad Autónoma) _9159811 |
|
| 650 | 0 | 4 |
_aHidroterapia. _913343 |
| 651 | 4 |
_aGuadarrama (España, Sierra)- _xDescripción. _98798 |
|
| 852 |
_aES-MaACL _jT-1111-F-2 |
||
| 999 |
_c81882 _d81882 |
||